| 000 | 00425cam a2200181ua 4500 | ||
|---|---|---|---|
| 001 | 10645 | ||
| 008 | 190323n xxk |||gr||||Z||||||eng | ||
| 020 | _a9780333778210 | ||
| 040 | _cMAIN | ||
| 082 | _a338.5 | ||
| 100 |
_aA Koutsoyiannis, _eAuthor., |
||
| 245 | _aModern microeconomics | ||
| 250 | _a2nd ed rep. | ||
| 260 |
_aLondon: _bMacmillan press ltd, _c2008. |
||
| 300 | _a581p. | ||
| 653 | _aProduction | ||
| 942 | _cBK | ||
| 999 |
_c9617 _d9617 |
||